书目信息 |
| 题名: |
地图学原理
|
|
| 作者: | 马耀峰 编著 | |
| 分册: | ||
| 出版信息: | 北京 科学出版社 2004.6 |
|
| 页数: | 315页 | |
| 开本: | 24cm | |
| 丛书名: | ||
| 单 册: | ||
| 中图分类: | P28-43 | |
| 科图分类: | ||
| 主题词: | 地图学--di tu xue , 地图学--di tu xue--高等教育--教材 | |
| 电子资源: | ||
| ISBN: | 7-03-012855-9 | |
| 000 | 00973cam0 2200289 450 | |
| 001 | 012006038804 | |
| 005 | 20201103160130.56 | |
| 010 | @a7-03-012855-9@dCNY30.00 | |
| 100 | @a20050716e20052004em y0chiy0121 ea | |
| 101 | 0 | @achi |
| 102 | @aCN@b110000 | |
| 105 | @af z 000yy | |
| 200 | 1 | @a地图学原理@Adi tu xue yuan li@f马耀峰 … [等]编著 |
| 210 | @a北京@c科学出版社@d2004.6@h2005.1重印 | |
| 215 | @a315页@c图@d24cm | |
| 300 | @a21世纪高等院校教材 | |
| 302 | @a有书目 | |
| 304 | @a本书编著者为:马耀峰、胡文亮、张安定等 | |
| 330 | @a本书系统地介绍了地图的实质,地图制作和地图使用的理论、技术与方法,涉及地图学发展简史及现代地图学理论,两大基本图种,地图应用等。 | |
| 333 | @a阅读对象:相关专业的师生及科技工作者等 | |
| 606 | 0 | @a地图学@Adi tu xue |
| 606 | 0 | @a地图学@Adi tu xue@x高等教育@j教材 |
| 690 | @aP28-43@v4 | |
| 701 | 0 | @a马耀峰@Ama yao feng@4编著 |
| 801 | 2 | @aCN@bSRXX@c20110617 |
| 801 | 0 | @aCN@bSRXX@c20050331 |
| 905 | @a10447@dP28-43@eM211 | |
| 地图学原理/马耀峰 … [等]编著.-北京:科学出版社,2004.6(2005.1重印) |
| 315页:图;24cm |
| 21世纪高等院校教材.-使用对象:阅读对象:相关专业的师生及科技工作者等 |
| ISBN 7-03-012855-9:CNY30.00 |
| 本书系统地介绍了地图的实质,地图制作和地图使用的理论、技术与方法,涉及地图学发展简史及现代地图学理论,两大基本图种,地图应用等。 |
| ● |
| 相关链接 |
|
|
|
正题名:地图学原理
索取号:P28-43/M211
 
预约/预借
| 序号 | 登录号 | 条形码 | 馆藏地/架位号 | 状态 | 备注 |
| 1 | 1501420 | 215014204 | 社科二线400B/400B社科库 9排4列3层/ [索取号:P28-43/M211] | 在馆 | |
| 2 | 466145 | 204661455 | 社科二线400B/400B社科库 9排3列4层/ [索取号:P28-43/M211] | 在馆 | |
| 3 | 475344 | 204753445 | 社科二线400B/400B社科库 9排3列4层/ [索取号:P28-43/M211] | 在馆 | |
| 4 | 476112 | 204761123 | 社科二线400B/400B社科库 9排3列2层/ [索取号:P28-43/M211] | 在馆 | |
| 5 | 476696 | 204766967 | 自科库401/401自科库 125排1列1层/ [索取号:P28-43/M211] | 在馆 | |
| 6 | 548874 | 205488747 | 社科二线400B/400B社科库 5排4列4层/ [索取号:P28-43/M211] | 在馆 | |
| 7 | 548875 | 205488756 | 社科二线400B/400B社科库 5排4列4层/ [索取号:P28-43/M211] | 在馆 | |
| 8 | 548876 | 205488765 | 社科二线400B/400B社科库 9排4列1层/ [索取号:P28-43/M211] | 在馆 |